| 000 | 00801nam a22002297a 4500 | ||
|---|---|---|---|
| 999 |
_c8288 _d8288 |
||
| 003 | AR-CdUCM | ||
| 008 | 190322b ||||| |||| 00| 0 spa d | ||
| 040 |
_aMUNICIPALIDAD PROVINCIAL DEL CUSCO _cBIBLIOTECA MUNICIPAL DEL CUSCO |
||
| 082 |
_a016.985019 / _bB72 |
||
| 100 |
_aBonavia Berber, Duccio _916678 |
||
| 245 | _aBibliografía del período precerámico peruano / | ||
| 260 |
_aLima : _bcademia Nacional de la Historia : Pontificia Universidad Católica del Perú, _c2001. |
||
| 300 |
_a254 páginas : _c21 cm. |
||
| 505 | _aContenido : Indice de lugares y sitios arqueológicos | ||
| 650 |
_aPrecerámico _923312 |
||
| 650 |
_aPerú _935 |
||
| 650 |
_aBibliografía _9729 |
||
| 700 |
_aClaudia Grimaldo _923313 |
||
| 700 |
_aJimi Espinoza _923314 |
||
| 942 |
_2ddc _cLIBROS |
||
| 945 | _admma | ||